书目信息 |
| 题名: |
电力电子技术与应用
|
|
| 作者: | 郑宏婕 主编 | |
| 分册: | ||
| 出版信息: | 福州 福建科学技术出版社 2005.01 |
|
| 页数: | 175页 | |
| 开本: | 23cm | |
| 丛书名: | 电气工程及自动化应用丛书 | |
| 单 册: | ||
| 中图分类: | TM1 | |
| 科图分类: | ||
| 主题词: | 电力电子学--dian li dian zi xue | |
| 电子资源: | ||
| ISBN: | 7-5335-2480-2 | |
| 000 | 00919nam 2200253 450 | |
| 001 | 012006657233 | |
| 005 | 20070611102003.46 | |
| 010 | @a7-5335-2480-2@dCNY19.00 | |
| 100 | @a20061210d2005 km y0chiy0120 ea | |
| 101 | 0 | @achi |
| 102 | @aCN@b350000 | |
| 105 | @aa a 000yy | |
| 200 | 1 | @a电力电子技术与应用@Adian li dian zi ji shu yu ying yong@f郑宏婕主编@Fzheng hong jie zhu bian |
| 210 | @a福州@c福建科学技术出版社@d2005.01 | |
| 215 | @a175页@c图@d23cm | |
| 225 | 2 | @a电气工程及自动化应用丛书@Adian qi gong cheng ji zi dong hua ying yong cong shu |
| 320 | @a有书目 (第175页)。 | |
| 330 | @a本书内容包括:半导体电力开关器件、整流技术、有源逆变技术、交流调压技术、电力电子装置性能与补偿控制器等。 | |
| 410 | 0 | @12001 @a电气工程及自动化应用丛书 |
| 606 | 0 | @a电力电子学@Adian li dian zi xue |
| 690 | @aTM1@v4 | |
| 701 | 0 | @a郑宏婕@Azheng hong jie@4主编 |
| 801 | 0 | @aCN@c20070611 |
| 905 | @a10447@dTM1@eZ431 | |
| 电力电子技术与应用/郑宏婕主编.-福州:福建科学技术出版社,2005.01 |
| 175页:图;23cm.-(电气工程及自动化应用丛书) |
| ISBN 7-5335-2480-2:CNY19.00 |
| 本书内容包括:半导体电力开关器件、整流技术、有源逆变技术、交流调压技术、电力电子装置性能与补偿控制器等。 |
| ● |
| 相关链接 |
|
|
|
正题名:电力电子技术与应用
索取号:TM1/Z431
 
预约/预借
| 序号 | 登录号 | 条形码 | 馆藏地/架位号 | 状态 | 备注 |
| 1 | 231047 | 202310472 | 自科库301/301自科库 7排2列2层/ [索取号:TM1/Z431] | 在馆 | |
| 2 | 231048 | 202310481 | 自科二线404/301自科库 4排4列4层/ [索取号:TM1/Z431] | 在馆 | |
| 3 | 231049 | 202310490 | 自科库301/301自科库 7排2列2层/ [索取号:TM1/Z431] | 在馆 |